LEADER 03827nam 22006735 450 001 996465822403316 005 20200702082719.0 024 7 $a10.1007/b137765 035 $a(CKB)1000000000213090 035 $a(SSID)ssj0000315725 035 $a(PQKBManifestationID)11923438 035 $a(PQKBTitleCode)TC0000315725 035 $a(PQKBWorkID)10256216 035 $a(PQKB)10490042 035 $a(DE-He213)978-3-540-31840-8 035 $a(MiAaPQ)EBC3067776 035 $a(PPN)123095786 035 $a(EXLCZ)991000000000213090 100 $a20100704d2005 u| 0 101 0 $aeng 135 $aurnn|008mamaa 181 $ctxt 182 $cc 183 $acr 200 10$aAdvanced Encryption Standard - AES$b[electronic resource] $e4th International Conference, AES 2004, Bonn, Germany, May 10-12, 2004, Revised Selected and Invited Papers /$fedited by Hans Dobbertin, Vincent Rijmen, Aleksandra Sowa 205 $a1st ed. 2005. 210 1$aBerlin, Heidelberg :$cSpringer Berlin Heidelberg :$cImprint: Springer,$d2005. 215 $a1 online resource (X, 190 p.) 225 1 $aSecurity and Cryptology ;$v3373 300 $aBibliographic Level Mode of Issuance: Monograph 311 $a3-540-31840-2 311 $a3-540-26557-0 320 $aIncludes bibliographical references and index. 327 $aCryptanalytic Attacks and Related Results -- The Cryptanalysis of the AES ? A Brief Survey -- The Boomerang Attack on 5 and 6-Round Reduced AES -- A Three Rounds Property of the AES -- DFA on AES -- Refined Analysis of Bounds Related to Linear and Differential Cryptanalysis for the AES -- Algebraic Attacks and Related Results -- Some Algebraic Aspects of the Advanced Encryption Standard -- General Principles of Algebraic Attacks and New Design Criteria for Cipher Components -- An Algebraic Interpretation of 128 -- Hardware Implementations -- Efficient AES Implementations on ASICs and FPGAs -- Small Size, Low Power, Side Channel-Immune AES Coprocessor: Design and Synthesis Results -- Other Topics -- Complementation-Like and Cyclic Properties of AES Round Functions -- More Dual Rijndaels -- Representations and Rijndael Descriptions -- Linearity of the AES Key Schedule -- The Inverse S-Box, Non-linear Polynomial Relations and Cryptanalysis of Block Ciphers. 410 0$aSecurity and Cryptology ;$v3373 606 $aData encryption (Computer science) 606 $aAlgorithms 606 $aComputer science?Mathematics 606 $aCryptology$3https://scigraph.springernature.com/ontologies/product-market-codes/I28020 606 $aAlgorithm Analysis and Problem Complexity$3https://scigraph.springernature.com/ontologies/product-market-codes/I16021 606 $aSymbolic and Algebraic Manipulation$3https://scigraph.springernature.com/ontologies/product-market-codes/I17052 606 $aDiscrete Mathematics in Computer Science$3https://scigraph.springernature.com/ontologies/product-market-codes/I17028 606 $aAlgorithms$3https://scigraph.springernature.com/ontologies/product-market-codes/M14018 615 0$aData encryption (Computer science). 615 0$aAlgorithms. 615 0$aComputer science?Mathematics. 615 14$aCryptology. 615 24$aAlgorithm Analysis and Problem Complexity. 615 24$aSymbolic and Algebraic Manipulation. 615 24$aDiscrete Mathematics in Computer Science. 615 24$aAlgorithms. 676 $a005.8 702 $aDobbertin$b Hans$4edt$4http://id.loc.gov/vocabulary/relators/edt 702 $aRijmen$b Vincent$4edt$4http://id.loc.gov/vocabulary/relators/edt 702 $aSowa$b Aleksandra$4edt$4http://id.loc.gov/vocabulary/relators/edt 906 $aBOOK 912 $a996465822403316 996 $aAdvanced Encryption Standard – AES$9772743 997 $aUNISA LEADER 01518nam a2200337 i 4500 001 991004123259707536 008 090130s1998 it a b 111 0 ita d 020 $a8881146266 035 $ab13806245-39ule_inst 040 $aDip.to Filologia Class. e Scienze Filosofiche$bita 041 0 $aita$afre$aeng 082 14$a340 110 2 $aAccademia romanistica costantiniana$0240708 245 10$aAtti dell'Accademia romanistica costantiniana :$bXII Convegno internazionale sotto l'alto patronato del presidente della Repubblica in onore di Manlio Sargenti /$c[a cura di G. Crifò, S. Giglio] 260 $aNapoli :$bEdizioni scientifiche italiane,$cc1998 300 $a506 p. :$bill. ;$c24 cm 440 0$aPubblicazioni dell'Università degli studi di Perugia 500 $aIn testa al front.: Università degli studi di Perugia, Facoltà di giurisprudenza 504 $aContiene riferimenti bibliografici. Indice 546 $aTesti in inglese, francese e italiano 650 4$aDiritto romano$vCongressi 700 1 $aCrifò, Giuliano 700 1 $aGiglio, Stefano 700 1 $aSargenti, Manlio 710 2 $aUniversità di Perugia.$bFacoltà di giurisprudenza 907 $a.b13806245$b02-04-14$c30-01-09 912 $a991004123259707536 945 $aLE007 00 ARC 01$cv.12$g1$i2007000177136$lle007$op$pE38.00$q-$rl$s- $t0$u0$v0$w0$x0$y.i14924249$z02-02-09 996 $aAtti dell'Accademia romanistica costantiniana$9243398 997 $aUNISALENTO 998 $ale007$b30-01-09$cm$da $e-$fita$git $h0$i0 LEADER 02048nam 2200565Ia 450 001 9910699534203321 005 20230902162201.0 035 $a(CKB)5470000002403586 035 $a(OCoLC)659505385 035 $a(EXLCZ)995470000002403586 100 $a20100830d1992 ua 0 101 0 $aeng 135 $aurbn||||||||| 181 $ctxt$2rdacontent 182 $cc$2rdamedia 183 $acr$2rdacarrier 200 10$aAcoustic mode measurements in the inlet of a model turbofan using a continuously rotating rake$b[electronic resource] /$fLaurence J. Heidelberg and David G. Hall 210 1$a[Washington, DC] :$c[National Aeronautics and Space Administration],$d[1992] 215 $a1 online resource (30 pages) $cdigital, PDF file 225 1 $aNASA technical memorandum ;$v105989 300 $aTitle from title screen (viewed Aug. 26, 2010). 320 $aIncludes bibliographical references (pages 6-7). 410 0$aNASA technical memorandum ;$v105989. 606 $aAcoustic measurement$2nasat 606 $aAcoustic properties$2nasat 606 $aDucted fan engines$2nasat 606 $aEngine inlets$2nasat 606 $aEngine noise$2nasat 606 $aJet aircraft noise$2nasat 606 $aMicrophones$2nasat 606 $aPropagation models$2nasat 606 $aShrouded propellers$2nasat 615 7$aAcoustic measurement. 615 7$aAcoustic properties. 615 7$aDucted fan engines. 615 7$aEngine inlets. 615 7$aEngine noise. 615 7$aJet aircraft noise. 615 7$aMicrophones. 615 7$aPropagation models. 615 7$aShrouded propellers. 700 $aHeidelberg$b Laurence J$01401979 701 $aHall$b David G$c(Engineer)$086645 712 02$aUnited States.$bNational Aeronautics and Space Administration. 801 0$bGPO 801 1$bGPO 906 $aBOOK 912 $a9910699534203321 996 $aAcoustic mode measurements in the inlet of a model turbofan using a continuously rotating rake$93471521 997 $aUNINA